01005 2200337 4500001002100000005001500021035002000036007000300056008004100059020002200100082001500122084001700137100004100154245008900195300002500284650002400309700002900333504003300362264003700395336002100432337003000453338002300483040002200506850001200528090002100540090002200561999002200583990002000605990002000625990002200645INLIS00000000085338220200319092256 a0010-1219000068ta191203s2018 yoi g | ind d a978-602-7820-87-604223a297.18 a297.18 ANW j1 aAnwar Djaelani, M.d1962-ePengarang10aJejak kisah pengukir sejarah /cpenulis, M. Anwar Djaelani; penyunting, Irin Hidayat a303 halaman ;c20 cm 4aIslam cerita-cerita0 aIrin HidayatePenyunting aBibliografi: halaman 295-29931aYogyakarta :bPro-U Media,c2018 2rdacontentateks 2rdamediaatanpa perantara 2rdacarrieravolume aYOPDYOGbinderda aYOPDYOG aDEP 297.18 ANW j aCB-D.11 2018-3636 aCB-D.11/2018-3636 a65241-PD/A.2019 a65242-PD/A.2019 aCB-D.11/2018-3636